001459551 001__ 1459551
001459551 003__ SzGeCERN
001459551 005__ 20210920102826.0
001459551 0248_ $$aoai:cds.cern.ch:1459551$$pcerncds:CONF$$qcerncds:TALK
001459551 035__ $$9INSPIRE-CNUM$$aC12-09-17.10
001459551 041__ $$aeng
001459551 110__ $$aCollective
001459551 111__ $$920120917$$aTopical Workshop on Electronics for Particle Physics$$cOxford, UK$$d17 - 21 Sep 2012$$f2012$$goxford20120917$$iC12-09-17.10$$wGB$$z20120921
001459551 260__ $$c2012
001459551 260__ $$c2013
001459551 270__ $$mtwepp@cern.ch
001459551 340__ $$aebook
001459551 595__ $$aCERN EDS
001459551 599__ $$aILSSYNC
001459551 599__ $$aILSLINK
001459551 65017 $$2SzGeCERN$$aParticle Physics - Experiment
001459551 65027 $$2SzGeCERN$$aWorkshop
001459551 690C_ $$aCONFERENCE
001459551 690C_ $$aPROCEEDINGS
001459551 711__ $$aTWEPP12
001459551 711__ $$aTWEPP 2012
001459551 773__ $$g926536$$pJINST$$v7$$y2012
001459551 773__ $$g926536$$pJINST$$v8$$y2013
001459551 8564_ $$uhttp://www.physics.ox.ac.uk/twepp12/$$yConference home page
001459551 8564_ $$uhttp://iopscience.iop.org/1748-0221/focus/extra.proc23$$ye-proceedings
001459551 916__ $$ax$$sh$$w201237
001459551 963__ $$aPUBLIC
001459551 960__ $$a43
001459551 980__ $$aPROCEEDINGS